000 00973cam a22002531i 4500
003 SA-RiAUC
005 20250815122041.0
008 250813s1999 su g b f000r0 ara c
040 _aSA-JeALM
_bara
_cSA-RiAUC
_erda
043 _aa-su---
082 0 4 _a370.9531
090 _a370.9531
_bس ع و
110 1 _aالسعودية.
_bوزارة المعارف
_eمؤلف.
245 1 0 _aموسوعة تاريخ التعليم في المملكة العربية السعودية في مائة عام.
_cوزارة المعارف السعودية.
250 _aالطبعة الأولى.
264 1 _aالرياض :
_bوزارة المعارف،
_c1999.
300 _aمجلد ؛
_c24 سم
336 _aنص
_btxt
_2rdacontent
_3كتاب
337 _aبدون وسيط
_bn
_2rdamedia
650 7 _aالتعليم
_zالسعودية
_xتاريخ
_2aucsh
856 4 _uhttp://10.0.0.90/MOT4/Scan0103.tif
942 _2ddc
_cBOOK
_n0
949 _aSA-JeALM
_d250813
_uosman123
_n1
999 _c10795
_d10795